000 00763nam a2200253Ia 4500
003 OSt
005 20220927103228.0
006 a|||||r|||| 00| 0
007 ta
008 220926b |||||||| |||| 00| 0 eng d
024 _a111489
037 _cReference Collections
040 _aRTL
_cRTL
_beng
041 _2eng
_aeng
082 _a"D2,8, J3/UN"
110 _a"UN, ECONOMIC COMMISSION FOR ASIA AND THE FAR EAST"
_9355856
245 0 _aRiver training and Bank protection
260 _aBangkok
_bUnited Nations
_c1953
300 _a100p.
_ccm.
650 _aEngineering
_9355857
700 _a"UN, ECONOMIC COMMISSION FOR ASIA AND THE FAR EAST"
_9355858
942 _h"D2,8, J3/UN"
_cCC
999 _c682186
_d682186